Statistiken für Umrisse von jedem europäischen Land

Klicken Sie hier um das Quiz zu spielen!

Allgemein

  • Dieses Quiz wurde 4,076 mal gespielt
  • Das Durchschnittsergebnis liegt bei 26 aus 45

Antwortstatistiken

Answer % Korrekt
Deutschland
98%
Frankreich
97%
Vereinigtes Königreich
96%
Spanien
95%
Island
93%
Norwegen
92%
Italien
90%
Griechenland
89%
Österreich
85%
Kroatien
84%
Schweden
83%
Dänemark
78%
Portugal
74%
Russland
72%
Niederlande
70%
Irland
68%
Polen
67%
Finnland
63%
Schweiz
63%
Serbien
53%
Monaco
53%
Vatikanstadt
53%
Ukraine
52%
Albanien
52%
Slowakei
50%
Bosnien und Herzegowina
48%
Malta
48%
Tschechien
47%
Estland
46%
Bulgarien
46%
Rumänien
43%
Kosovo
40%
Weißrussland
39%
Ungarn
37%
Belgien
36%
Lettland
35%
Moldawien
33%
Luxemburg
30%
Litauen
29%
Liechtenstein
29%
Nordmazedonien
29%
Slowenien
27%
Montenegro
25%
Andorra
21%
San Marino
20%

Verteilung der Resultate

Perzentil nach korrekt beantworteten Fragen

Anzahl Personen mit jedem Resultat

Ihre Resultats-Entwicklung

Sie haben dieses Quiz noch nicht gespielt